[Event "POL-chT 2nd League"]
[Site "Jastrzebia Gora"]
[Date "2022.09.06"]
[Round "4.60"]
[White "Mroziak, Maciej"]
[Black "Putlak, Wojciech"]
[Result "1-0"]
[WhiteElo "2352"]
[BlackElo "1994"]
[PlyCount "41"]
[EventDate "2022.09.03"]
[EventType "team-swiss"]
[EventRounds "9"]
[EventCountry "POL"]
[SourceTitle "CBM 210 Extra"]
[Source "ChessBase"]
[SourceDate "2022.11.30"]
[SourceVersion "1"]
[SourceVersionDate "2022.11.30"]
[SourceQuality "1"]
[WhiteTeam "Gliwice Politechnika Slaska"]
[BlackTeam "Lipusz WDA"]
[WhiteTeamCountry "POL"]
[BlackTeamCountry "POL"]

1. e4 e6 2. d3 d5 3. Nd2 Nf6 4. Ngf3 dxe4 5. dxe4 Bc5 6. Bd3 Nc6 7. 0-0 0-0 8. e5 Ng4 9. Nb3 Bxf2+ 10. Rxf2 Nxf2 11. Kxf2 Nb4 12. Bxh7+ Kxh7 13. Ng5+ Kg6 14. Qg4 Nd3+ 15. cxd3 f5 16. Qh4 f4 17. Qh7+ Kxg5 18. h4+ Kg4 19. Qg6+ Kxh4 20. Bd2 Qg5 21. Qh7+ 1-0

[Event "EU-ch Blitz"]
[Site "Katowice"]
[Date "2021.12.17"]
[Round "14"]
[White "Putlak, Wojciech"]
[Black "Smolik, Jachym"]
[Result "1-0"]
[WhiteElo "2000"]
[BlackElo "2244"]
[PlyCount "69"]
[EventDate "2021.12.17"]
[EventType "swiss (blitz)"]
[EventRounds "22"]
[EventCountry "POL"]
[SourceTitle "CBM 205 Extra"]
[Source "ChessBase"]
[SourceDate "2022.01.31"]
[SourceVersion "1"]
[SourceVersionDate "2022.01.31"]
[SourceQuality "1"]

1. Nf3 Nf6 2. c4 e6 3. Nc3 d5 4. cxd5 exd5 5. d4 Be7 6. Bf4 0-0 7. e3 c6 8. Ne5 Bf5 9. Bd3 Bxd3 10. Qxd3 Nbd7 11. Nxd7 Qxd7 12. h3 Qe6 13. 0-0 a5 14. a4 Nd7 15. Bh2 f5 16. Ne2 Bd6 17. Bxd6 Qxd6 18. Nf4 Rae8 19. b3 g5 20. Ne2 Re6 21. Ng3 Ref6 22. f4 g4 23. hxg4 fxg4 24. Kf2 Qe7 25. Rh1 c5 26. dxc5 Nxc5 27. Qxd5+ Kh8 28. Rh5 Rd6 29. Qxc5 Qd7 30. Qe5+ Kg8 31. Rg5+ Rg6 32. Rxg6+ hxg6 33. Rh1 Qd2+ 34. Ne2 g3+ 35. Kf3 1-0

[Event "EU-ch Blitz"]
[Site "Katowice"]
[Date "2021.12.17"]
[Round "5"]
[White "Sadzikowski, Daniel"]
[Black "Putlak, Wojciech"]
[Result "1-0"]
[WhiteElo "2525"]
[BlackElo "2000"]
[PlyCount "102"]
[EventDate "2021.12.17"]
[EventType "swiss (blitz)"]
[EventRounds "22"]
[EventCountry "POL"]
[SourceTitle "CBM 205 Extra"]
[Source "ChessBase"]
[SourceDate "2022.01.31"]
[SourceVersion "1"]
[SourceVersionDate "2022.01.31"]
[SourceQuality "1"]

1. Nf3 Nf6 2. c4 c5 3. Nc3 g6 4. d4 cxd4 5. Nxd4 Bg7 6. e4 d6 7. Be2 0-0 8. 0-0 Bd7 9. Be3 Nc6 10. Qd2 Ng4 11. Bxg4 Bxg4 12. Nxc6 bxc6 13. Bh6 Be6 14. Bxg7 Kxg7 15. b3 Qa5 16. f4 f6 17. Rae1 Rad8 18. Kh1 Bg8 19. Qe3 Qb6 20. Qg3 e5 21. f5 g5 22. Rd1 Bf7 23. Rd3 Rd7 24. Rfd1 Rfd8 25. Qf3 h5 26. R1d2 h4 27. Qd1 Qa5 28. Qf3 Qc5 29. Na4 Qb4 30. Nc3 Qc5 31. Qe3 Qxe3 32. Rxe3 Kf8 33. Red3 Ke7 34. Kg1 c5 35. g3 hxg3 36. hxg3 a6 37. Rh2 Rg8 38. g4 Rdd8 39. Rdh3 Rg7 40. Kf2 Rdg8 41. Ke3 Rb8 42. Rh6 Rbg8 43. Rh1 Rb8 44. R6h2 Rc8 45. Rd1 Rd8 46. Rhd2 Rh7 47. Ne2 Rh3+ 48. Kf2 Rh4 49. Kg3 Rhh8 50. Nc3 Rd7 51. Re1 Rdd8 1-0

[Event "EU-ch Blitz"]
[Site "Katowice"]
[Date "2021.12.17"]
[Round "13"]
[White "Smolik, Jachym"]
[Black "Putlak, Wojciech"]
[Result "1-0"]
[WhiteElo "2244"]
[BlackElo "2000"]
[PlyCount "117"]
[EventDate "2021.12.17"]
[EventType "swiss (blitz)"]
[EventRounds "22"]
[EventCountry "POL"]
[SourceTitle "CBM 205 Extra"]
[Source "ChessBase"]
[SourceDate "2022.01.31"]
[SourceVersion "1"]
[SourceVersionDate "2022.01.31"]
[SourceQuality "1"]

1. d4 Nf6 2. c4 e6 3. Nf3 Bb4+ 4. Bd2 Bxd2+ 5. Qxd2 0-0 6. Nc3 d5 7. e3 b6 8. cxd5 Nxd5 9. e4 Nxc3 10. bxc3 Bb7 11. Bd3 Nd7 12. 0-0 c5 13. Qf4 cxd4 14. cxd4 Rc8 15. Rad1 Qe7 16. e5 Bxf3 17. Qxf3 Rc7 18. Rfe1 Rd8 19. d5 exd5 20. Qxd5 Rc5 21. Qe4 Nf8 22. f4 g6 23. f5 Re8 24. e6 fxe6 25. fxe6 Qxe6 26. Qh4 Qf7 27. Rxe8 Qxe8 28. Bc4+ Kg7 29. Qd4+ Qe5 30. Qd3 Qf4 31. Bb3 Rc1 32. h3 Rxd1+ 33. Qxd1 Qe3+ 34. Kh2 Qe5+ 35. Kg1 h5 36. Qd3 Kh6 37. Qd2+ Kg7 38. Qd3 Qe7 39. Qd4+ Kh7 40. Qd5 Qg7 41. Kh2 Nd7 42. Qb7 Nc5 43. Qd5 Nd7 44. Kg1 Qa1+ 45. Kf2 Qf6+ 46. Kg1 Qg7 47. Qe6 Qd4+ 48. Kf1 Qf6+ 49. Ke2 Qxe6+ 50. Bxe6 Nc5 51. Bc4 Kg7 52. Ke3 Kf6 53. g3 g5 54. Kd4 h4 55. gxh4 gxh4 56. Kd5 Nd7 57. Kd6 Ne5 58. Ba6 Nd3 59. Bxd3 1-0

[Event "POL-chT 2nd League"]
[Site "Jastrzebia Gora"]
[Date "2019.09.08"]
[Round "2.22"]
[White "Putlak, Wojciech"]
[Black "Hemmerling, Jaroslaw"]
[Result "1/2-1/2"]
[WhiteElo "2041"]
[BlackElo "1910"]
[PlyCount "82"]
[EventDate "2019.09.07"]
[EventType "team-swiss"]
[EventRounds "9"]
[EventCountry "POL"]
[SourceTitle "EXT 2020"]
[Source "ChessBase"]
[SourceDate "2019.10.17"]
[SourceVersion "1"]
[SourceVersionDate "2019.10.17"]
[SourceQuality "1"]
[WhiteTeam "Lipusz WDA"]
[BlackTeam "Lipno Steszew"]
[WhiteTeamCountry "POL"]
[BlackTeamCountry "POL"]

1. d4 Nf6 2. c4 e6 3. Nf3 b6 4. g3 Bb7 5. Bg2 Bb4+ 6. Bd2 Qe7 7. 0-0 0-0 8. Nc3 d6 9. a3 Bxc3 10. Bxc3 Nbd7 11. b3 Rac8 12. Qc2 Be4 13. Qb2 Rfe8 14. Rfe1 d5 15. cxd5 Nxd5 16. Bd2 h6 17. Rac1 c5 18. dxc5 Rxc5 19. b4 Rcc8 20. Nd4 Bxg2 21. Kxg2 Ne5 22. Qb3 Qb7 23. Kg1 Rxc1 24. Rxc1 Rc8 25. Rc2 Nc6 26. Nxc6 Rxc6 27. Rxc6 Qxc6 28. Qd3 b5 29. e4 Nf6 30. f3 a6 31. Bc3 Nd7 32. Kg2 Nb6 33. Qd4 f6 34. Qd8+ Kf7 35. Bd4 Nc4 36. Bc5 Ne5 37. h4 Qd7 38. Qxd7+ Nxd7 39. Bd4 g6 40. g4 h5 41. Kf2 Ke7 1/2-1/2

[Event "POL-chT 2nd League"]
[Site "Jastrzebia Gora"]
[Date "2018.09.05"]
[Round "5.88"]
[White "Bernat, Marcin"]
[Black "Putlak, Wojciech"]
[Result "0-1"]
[WhiteElo "2080"]
[BlackElo "2017"]
[PlyCount "98"]
[EventDate "2018.09.01"]
[EventType "team-swiss"]
[EventRounds "9"]
[EventCountry "POL"]
[SourceTitle "CBM 186 Extra"]
[Source "ChessBase"]
[SourceDate "2018.08.24"]
[SourceVersion "1"]
[SourceVersionDate "2018.08.24"]
[SourceQuality "1"]
[WhiteTeam "Lipno Steszew"]
[BlackTeam "Gdansk Korona"]
[WhiteTeamCountry "POL"]
[BlackTeamCountry "POL"]

1. g3 Nf6 2. Bg2 g6 3. c4 c5 4. Nc3 Nc6 5. d3 Bg7 6. e4 d6 7. Nge2 Bd7 8. Bg5 a6 9. a3 Rb8 10. Rb1 b5 11. cxb5 axb5 12. b4 cxb4 13. axb4 0-0 14. Qd2 Ne5 15. 0-0 Bh3 16. Bxf6 Bxf6 17. Nd5 Bg7 18. f4 Bxg2 19. Kxg2 Nd7 20. Rbc1 Nb6 21. Nxb6 Qxb6 22. Rc2 Rfc8 23. Rfc1 Qb7 24. Kf3 e6 25. g4 h6 26. Ng3 Bf6 27. h3 Kg7 28. Ne2 Ra8 29. Rxc8 Rxc8 30. Rxc8 Qxc8 31. Qa2 Qc6 32. Ke3 d5 33. exd5 exd5 34. Qb1 d4+ 35. Kf2 Bh4+ 36. Ng3 Qc3 37. Qd1 Qxb4 38. Kf3 Bxg3 39. Kxg3 Qc3 40. Qe2 Qc5 41. h4 b4 42. g5 hxg5 43. hxg5 b3 44. Kh4 Qb5 45. Qe7 Qxd3 46. Qf6+ Kg8 47. Qd8+ Kh7 48. Qe8 Qf5 49. Qb8 Qd5 0-1